[Event "Korosztályos Bajnokság u12f"]
[Site "Balatonlelle"]
[Date "2015.06.24"]
[Round "9.16"]
[White "Kiraly, Barnabas"]
[Black "Csepeli, Martin"]
[Result "1-0"]
[WhiteElo "1442"]
[BlackElo "1227"]
[PlyCount "105"]
[EventDate "2015.06.18"]
[EventType "swiss"]
[EventRounds "9"]
[EventCountry "HUN"]

1. e4 e5 2. Nf3 Nc6 3. Nc3 Bb4 4. a3 Bxc3 5. dxc3 d6 6. Bd3 Bg4 7. h3 Bh5 8.
Be3 h6 9. g4 Bg6 10. Qe2 Nf6 11. Nd2 Qd7 12. f3 d5 13. O-O-O d4 14. cxd4 Nxd4
15. Bxd4 Qxd4 16. Nb3 Qb6 17. Bb5+ c6 18. Bc4 O-O 19. h4 h5 20. g5 Nh7 21. Kb1
a5 22. Qh2 Qc7 23. Nc5 Rad8 24. Qh3 Qe7 25. Nd7 Rfe8 26. Rd3 b5 27. Ba2 Nf8 28.
Rhd1 Ne6 29. Bxe6 Qxe6 30. Qxe6 Rxe6 31. Nf6+ gxf6 32. Rxd8+ Kg7 33. Ra8 fxg5
34. hxg5 a4 35. Rdd8 Bh7 36. Re8 Kg6 37. Rxe6+ fxe6 38. Ra7 h4 39. Rd7 h3 40.
Kc1 h2 41. Rd1 Kxg5 42. Rh1 Kf4 43. Rxh2 Bg8 44. Rh3 Bf7 45. Kd2 c5 46. Rh7 Bg6
47. Rh6 Bf7 48. Rf6+ Kg5 49. Rxf7 Kg6 50. Rb7 Kg5 51. Rxb5 Kf4 52. Rxc5 Kxf3
53. Rxe5 1-0

[Event "Korosztályos Bajnokság u12f"]
[Site "Balatonlelle"]
[Date "2015.06.24"]
[Round "9.17"]
[White "Bernath, Bence"]
[Black "Fabian, Bence"]
[Result "1/2-1/2"]
[WhiteElo "1196"]
[BlackElo "1427"]
[PlyCount "114"]
[EventDate "2015.06.18"]
[EventType "swiss"]
[EventRounds "9"]
[EventCountry "HUN"]

1. e4 c6 2. d4 d5 3. e5 Bf5 4. Nf3 e6 5. Be2 Nd7 6. O-O c5 7. Be3 cxd4 8. Bxd4
Bc5 9. Bb5 Bxd4 10. Nxd4 Bg6 11. Re1 Ne7 12. Nd2 O-O 13. N2f3 Qc7 14. Rc1 a6
15. Bxd7 Qxd7 16. Nh4 Qc7 17. g3 h6 18. Nxg6 Nxg6 19. f4 b5 20. Re3 Qb6 21. Kg2
Rac8 22. Qd2 Rc7 23. Rc3 Rfc8 24. Rxc7 Qxc7 25. b3 Qc3 26. Qxc3 Rxc3 27. Kf2
Kf8 28. Rd1 Ke7 29. Ke2 Kd7 30. Rd3 Rxd3 31. Kxd3 Kc7 32. c4 bxc4+ 33. bxc4
dxc4+ 34. Kxc4 Kb6 35. h3 Ne7 36. Nb3 Nd5 37. a4 Ne3+ 38. Kb4 Nd5+ 39. Kc4 Ne3+
40. Kd3 Nf5 41. g4 Ne7 42. Kd4 Nc6+ 43. Kc4 Na5+ 44. Nxa5 Kxa5 45. Kc5 Kxa4 46.
Kd6 Kb5 47. f5 a5 48. fxe6 fxe6 49. Kxe6 a4 50. Kf7 a3 51. e6 a2 52. e7 a1=Q
53. e8=Q+ Kb6 54. Qb8+ Kc6 55. Qe8+ Kb6 56. Qe6+ Kc7 57. Qc4+ Kb6 1/2-1/2

[Event "Korosztályos Bajnokság u12f"]
[Site "Balatonlelle"]
[Date "2015.06.24"]
[Round "9.18"]
[White "Baski, Barnabas"]
[Black "Bako, Martin"]
[Result "1-0"]
[WhiteElo "1419"]
[BlackElo "1421"]
[PlyCount "103"]
[EventDate "2015.06.18"]
[EventType "swiss"]
[EventRounds "9"]
[EventCountry "HUN"]

1. d4 d5 2. Nf3 Nf6 3. Bf4 Nc6 4. e3 a6 5. c3 Bg4 6. Nbd2 e6 7. Bd3 Bd6 8. Bg3
e5 9. dxe5 Bxe5 10. Qc2 Bxg3 11. hxg3 h6 12. O-O O-O 13. Nd4 Ne5 14. Bf5 Bxf5
15. Qxf5 Ng6 16. Rfe1 Re8 17. Qc2 Qd7 18. e4 dxe4 19. Nxe4 Nxe4 20. Rxe4 c5 21.
Nf3 Qb5 22. Rae1 Rxe4 23. Rxe4 Rd8 24. Qe2 Qa5 25. Re8+ Rxe8 26. Qxe8+ Nf8 27.
Ne5 Qc7 28. Kf1 b5 29. Kg1 Qb7 30. Nc6 Kh7 31. Ne7 Qd7 32. Qxf7 Qe6 33. Qxf8
Qxa2 34. Qf5+ Kh8 35. Qd5 Qxd5 36. Nxd5 a5 37. Kf1 Kg8 38. Ke2 Kf7 39. Kd3 Kg6
40. Nc7 b4 41. cxb4 axb4 42. Kc4 Kf5 43. Kxc5 Ke4 44. Kxb4 Kd3 45. Kc5 Ke2 46.
b4 Kxf2 47. b5 Kxg2 48. b6 Kxg3 49. b7 g5 50. b8=Q Kh4 51. Ne6 g4 52. Qh2# 1-0

[Event "Korosztályos Bajnokság u12f"]
[Site "Balatonlelle"]
[Date "2015.06.24"]
[Round "9.19"]
[White "Uzonyi, Peter"]
[Black "Kratzmajer, Akos Gyorgy"]
[Result "1/2-1/2"]
[WhiteElo "1300"]
[BlackElo "1434"]
[PlyCount "45"]
[EventDate "2015.06.18"]
[EventType "swiss"]
[EventRounds "9"]
[EventCountry "HUN"]

1. d4 d5 2. Nf3 Nf6 3. c4 e6 4. Nc3 Be7 5. Bf4 c6 6. e3 O-O 7. Rc1 Nbd7 8. cxd5
exd5 9. Be2 Re8 10. Nb5 Qa5+ 11. Nc3 Nf8 12. h3 Ng6 13. Bh2 Ne4 14. O-O Nxc3
15. bxc3 Qd8 16. Qb3 Bd6 17. Bxd6 Qxd6 18. Bd3 Rb8 19. c4 dxc4 20. Bxc4 Qf6 21.
Ng5 Rf8 22. Ne4 Qe7 23. Bd3 1/2-1/2